| 000 | 00784nam a2200217Ia 4500 | ||
|---|---|---|---|
| 003 | GCL | ||
| 008 | 140319s9999 xx 000 0 ara d | ||
| 040 |
_aGCL / _cGCL |
||
| 082 | 0 | 4 |
_a621.38804 _bم ط |
| 100 | 1 | _aمحمد حافظ التاودى | |
| 245 | 1 | 0 |
_aطرق اصلاح التليفزيون الملون: تحليل كامل لدوائر الانظمة المختلفة NTSC - PAL - SECAM / _cمحمد حافظ التاودى |
| 300 | _a183 ص | ||
| 490 |
_aالهيئة العامة للاستعلامات _v0 |
||
| 650 | 0 | 4 | _aالصيانة |
| 650 | 0 | 4 | _aتصليح |
| 650 | 0 | 4 | _aالهندسة |
| 650 | 0 | 4 | _aالتليفزيون الملون |
| 650 | 0 | 4 | _aالتليفزيون |
| 650 | 0 | 4 | _aالدوائر التلفزيونية المغلقة |
| 942 |
_2ddc _cBK |
||
| 999 |
_c50159 _d50159 |
||